Państwa po Angielsku #1 - Statystyki

Ogólne statystyki
  • Ten quiz został rozwiązany 219 razy
  • Średni wynik to 15 z 20
Statystyki odpowiedzi
Polska nazwa Angielska Nazwa % Poprawnych
Japonia Japan
100%
Polska Poland
99%
Rosja Russia
97%
Francja France
95%
Szwecja Sweden
93%
Nowa Zelandia New Zealand
92%
Białoruś Belarus
83%
Bułgaria Bulgaria
80%
Kostaryka Costa Rica
79%
Indonezja Indonesia
74%
Republika Południowej Afryki South Africa
72%
Jamajka Jamaica
69%
Arabia Saudyjska Saudi Arabia
69%
Watykan Vatican
66%
Paragwaj Paraguay
65%
Algieria Algeria
62%
Kenia Kenya
59%
Fidżi Fiji
57%
Kazachstan Kazakhstan
36%
Wyspy Salomona Solomon Islands
26%
Nie znaleziono quizów pasujących do podanych kryteriów
Rozkład punktacji
Procent ludzi z każdym wynikiem
Percentyl według liczby udzielonych odpowiedzi
Twoja historia wyników
Nie rozwiązałeś tego quizu